Is a right wrong? (Record no. 75917)

MARC details
000 -LEADER
fixed length control field 01503cab a2200289 4500
001 - CONTROL NUMBER
control field L131044
008 - FIXED-LENGTH DATA ELEMENTS--GENERAL INFORMATION
fixed length control field 050923n2005 000 0 eng u
035 ## - SYSTEM CONTROL NUMBER
System control number (Sirsi) u131044
041 0# - LANGUAGE CODE
Language code of text/sound track or separate title eng
100 1# - MAIN ENTRY--PERSONAL NAME
Personal name Colby, Allyson
245 ## - TITLE STATEMENT
Title Is a right wrong?
260 ## - PUBLICATION, DISTRIBUTION, ETC.
Date of publication, distribution, etc. 2005
490 ## - SERIES STATEMENT
Series statement Estates Gazette
Volume/sequential designation (0537) 17 September 2005, 139-140(2)
520 ## - SUMMARY, ETC.
Summary, etc. Examines the human rights implications of recent developments affecting easements permitting access to and from land. Statutory easements that are legitimately viewed as the preserve of public bodies and similar entities are becoming more widely available to private landowners. Sees the Access to Neighbouring Land Act 1992 and the Countryside and Rights of Way Act 2000 as sources for potential new easements. Discusses the controversy over vehicular rights of way across common land and village greens. Considers how the Human Rights Act 1988 relates to these developments, in particular the law of adverse possession.
590 ## - LOCAL NOTE (RLIN)
Local note IKA270905
650 ## - SUBJECT ADDED ENTRY--TOPICAL TERM
Topical term or geographic name entry element BAKEWELL MANAGEMENT LTD V BRANDWOOD AND OTHERS
650 ## - SUBJECT ADDED ENTRY--TOPICAL TERM
Topical term or geographic name entry element COUNTRYSIDE AND RIGHTS OF WAY ACT 2000
650 ## - SUBJECT ADDED ENTRY--TOPICAL TERM
Topical term or geographic name entry element PRESCRIPTION ACT 1832
650 ## - SUBJECT ADDED ENTRY--TOPICAL TERM
Topical term or geographic name entry element ACCESS TO NEIGHBOURING LAND ACT 1992
650 ## - SUBJECT ADDED ENTRY--TOPICAL TERM
Topical term or geographic name entry element BEAULANE PROPERTIES LTD V PALMER
650 ## - SUBJECT ADDED ENTRY--TOPICAL TERM
Topical term or geographic name entry element HUMAN RIGHTS ACT 1998
650 ## - SUBJECT ADDED ENTRY--TOPICAL TERM
Topical term or geographic name entry element VEHICULAR ACCESS ACROSS COMMON AND OTHER LAND (ENGLAND) REGULATIONS 2002
650 ## - SUBJECT ADDED ENTRY--TOPICAL TERM
Topical term or geographic name entry element SWEET V SOMMER
650 ## - SUBJECT ADDED ENTRY--TOPICAL TERM
Topical term or geographic name entry element PYE V GRAHAM
690 ## - LOCAL SUBJECT ADDED ENTRY--TOPICAL TERM (OCLC, RLIN)
Topical term or geographic name as entry element Boundary disputes
9 (RLIN) 6221
942 ## - ADDED ENTRY ELEMENTS (KOHA)
Suppress in OPAC 0
Holdings
Withdrawn status Lost status Source of classification or shelving scheme Damaged status Not for loan Home library Current library Shelving location Date acquired Total Checkouts Full call number Barcode Date last seen Copy number Price effective from Koha item type
    Dewey Decimal Classification     London London Journal article 23/09/2005   L131044 131044-1001 06/08/2019 1 06/08/2019 Journal article